Bramborová kuchyně /

Hlavní autor: Dvořák, Jaroslav
Jazyk: Čeština
Vydáno: V Praze : Levné knihy KMa, 2000
Témata:
Fyzický popis: 130 s. ; 22 cm
Knihy
Uloženo v:
LEADER 00902nam a2200277 a 4500
001 000569320
003 CZ BrMZK
005 20220117130719.0
007 ta
008 010907s2000 xr e cze d
015 |a cnb000980979 
020 |a 80-86425-82-7 
040 |a BOA001  |b cze 
072 7 |a 641  |x Kuchařství. Potraviny. Vařená jídla  |2 Konspekt  |9 19 
080 |a 641.55:635.21  |2 MRF 
080 |a (083.12)  |2 MRF 
100 1 |a Dvořák, Jaroslav  |7 jn20010309559  |4 aut 
245 1 0 |a Bramborová kuchyně /  |c Jaroslav Dvořák 
260 |a V Praze :  |b Levné knihy KMa,  |c 2000 
300 |a 130 s. ;  |c 22 cm 
500 |a Repr. vyd. z r. 1942 
650 0 7 |a bramborová jídla  |7 ph114193  |2 czenas 
655 7 |a kuchařské recepty  |7 fd132687  |2 czenas 
910 |a BOA001  |b 2-1089.411 
990 |a BK 
996 6 |b 2610141363  |c 2-1089.411  |l MZK  |r Sklad / do 1 hodiny  |n 0  |p p.v.  |w 000569320  |u 000010  |a 1  |e BOA001  |j MZK50  |s P